| 000 | 00363nam a2200145Ia 4500 | ||
|---|---|---|---|
| 008 | 150201s2014 xx 000 0 und d | ||
| 082 |
_a617.7 _bC14K |
||
| 100 | _aKHURANA, A.K. | ||
| 245 | _aCOMPREHENSIVE OPHTHALMOLOGY | ||
| 250 | _a5TH | ||
| 260 |
_bNEW AGE INTERNATIONAL PUB. _aINDIA _c2014 |
||
| 300 | _a1-637 | ||
| 650 | _aOPHTHALMOLOGY | ||
| 942 |
_2ddc _cBK _01 |
||
| 999 |
_c1821 _d1821 |
||